[Event "32nd Reykjavik Open 2017"]
[Site "Reykjavik"]
[Date "2017.04.20"]
[Round "2"]
[White "Risting, Eivind Olav"]
[Black "Van Foreest, Jorden"]
[Result "0-1"]
[WhiteElo "2250"]
[BlackElo "2584"]
[Annotator "TA"]
[PlyCount "118"]
[EventDate "2017.??.??"]
[EventType "swiss"]
[EventCountry "ISL"]
[SourceTitle "playchess.com"]
[Source "ChessBase"]
[SourceQuality "1"]

{[%evp 9,118,4,13,-11,28,21,31,45,130,109,156,108,114,98,129,136,139,125,142,145,170,101,159,145,145,143,151,135,145,127,164,141,146,143,206,204,220,220,218,212,227,217,233,229,225,217,217,218,229,226,209,224,263,171,192,185,186,170,157,160,160,160,165,174,187,176,150,145,185,189,156,0,8,-21,-17,-17,0,0,0,0,0,-6,-4,-6,-5,-1330,-1352,-1336,-1208,-1392,-1318,-1476,-1416,-1050,-952,-1547,-1392,-2565,-2269,-2141,-1937,-5089,-4863,-5414,-5110,-5096,-5096,-5096,-5081,-5081,-5065]} 1. d4 d5 2. c4 c6 3. cxd5 cxd5 4. Nc3 Nc6 5. e4 Nf6 6. f3 {D10: Slav Defence: 3 cxd5 (without early Nf3) and 3 Nc3} (6. e5 Ng8 7. Nf3 Bg4 8. Be2 e6 9. O-O Nge7 10. Be3 Nf5 11. Qd2 Bb4 12. h3 Bxf3 13. Bxf3 O-O {½-½ (30) Kanarek,M (2532)-Bartel,M (2625) Poznan 2016}) 6... e6 7. e5 Nh5 {And now ...Qh4+ would win.} 8. Be3 {White is slightly better.} g5 $146 (8... g6 $14) (8... g6 9. Qd2 Bd7 10. Nge2 Na5 11. b3 Rc8 12. g4 Ng7 {1-0 (35) Holm,K (2398)-Johansen,K (1930) Kragero 2017}) 9. Qd2 Be7 10. Nh3 h6 11. g4 Nf4 12. Nxf4 gxf4 13. Bxf4 Bh4+ 14. Bg3 h5 15. gxh5 ({White should try} 15. O-O-O $18) 15... Qg5 (15... Rxh5 $142 16. Rg1 Bd7) 16. Qxg5 $16 Bxg5 17. f4 {[%cal Bf3f4,Bf4f5,Bf5f6][%mdl 32]} Be7 18. O-O-O Rxh5 19. Be2 Rh8 20. h4 {[%cal Bh2h4,Bh4h5][%mdl 32]} Bd7 21. f5 a6 (21... Bd8 $16 22. h5 Bb6) 22. f6 $18 Bd8 {Black hopes to continue with ...Bb6.} 23. Bf2 Bb6 24. Rh2 O-O-O 25. h5 Rdg8 26. h6 Rg5 27. h7 Nxe5 28. dxe5 Bxf2 29. Rxf2 Rxh7 30. Bd3 Rhh5 31. Re1 Rxe5 32. Rxe5 Rxe5 33. Kd2 Rg5 34. Rh2 Rg8 35. Rh7 Rf8 36. Ke3 Kc7 37. Kf4 $1 Kd6 38. Kg5 e5 39. Bf5 Be6 {[#]} 40. Bxe6 ({White should play} 40. Na4 $1 $16) 40... Kxe6 $16 {[%mdl 4096] Endgame KRN-KR} 41. Kh6 Rg8 {White must now prevent ...Rg6+.} 42. Rg7 Rh8+ 43. Kg5 {Hoping for Nxd5!} Rh2 44. Nxd5 $1 Rg2+ 45. Kh4 Rxb2 46. Ne3 Kxf6 47. Rg2 $2 {[%mdl 8192]} (47. Rg8 $11) 47... Rxg2 $19 {Black is clearly winning.} 48. Nxg2 {KN-KP} Kf5 49. Kg3 {[#]} Ke4 $1 50. Kf2 f5 {[%cal Bf7f5,Bf5f4][%mdl 32]} 51. Ke2 b5 {[%cal Bb7b5,Bb5b4][%mdl 32]} 52. Ne1 a5 {[%cal Ba6a5,Ba5a4,Ba4a3][%mdl 32]} 53. Kd2 b4 54. Ke2 f4 55. Nf3 a4 56. Nd2+ Kd4 57. Nf3+ Kc3 58. Nxe5 b3 59. axb3 a3 ({And not} 59... Kxb3 60. Nd3 $11) 0-1

[Event "32nd Reykjavik Open 2017"]
[Site "Reykjavik"]
[Date "2017.04.20"]
[Round "2"]
[White "Plotkin, Victor"]
[Black "Donchenko, Alexander"]
[Result "0-1"]
[WhiteElo "2243"]
[BlackElo "2554"]
[Annotator "TA"]
[PlyCount "88"]
[EventDate "2017.??.??"]
[EventType "swiss"]
[EventCountry "ISL"]
[SourceTitle "playchess.com"]
[Source "ChessBase"]
[SourceQuality "1"]

1. e4 $146 (1. c4 e6 2. g3 d5 3. Nf3 Nf6 4. Bg2 Be7 5. d4 O-O 6. O-O dxc4 7. Ne5 Nc6 8. Nxc6 bxc6 9. Na3 Bxa3 10. bxa3 Nd5 11. Qa4 Nb6 12. Qa5 Rb8 13. Rd1 Nd5 14. e4 Rb5 15. Qd2 Nf6 16. a4 Rb8 17. Ba3 Re8 18. Rac1 Ba6 19. Bc5 Nd7 {1-0 (75) Stupak,K (2562)-Kotanjian,T (2467) Subic Bay 2016}) 1... g6 2. d4 Bg7 3. Nc3 d6 4. f4 a6 5. a4 Nf6 6. Nf3 O-O {B09: Pirc Defence: Austrian Attack} 7. Be2 (7. e5 dxe5 8. fxe5 Nd5 9. Bc4 Be6 10. Nxd5 Bxd5 11. Bxd5 Qxd5 12. Qe2 Nc6 13. c3 f6 14. c4 {0-1 (87) Dimitrov,R (2450)-Petrosian,T (2624) Golden Sands 2014}) 7... c5 8. e5 $146 (8. d5 e6 9. dxe6 {½-½ (9) Ambrogi,A (2266)-Tristan,L (2393) Buenos Aires 2009}) 8... Nfd7 9. exd6 cxd4 10. Nxd4 Nf6 11. Nb3 Nc6 12. Be3 exd6 13. O-O Re8 14. Qd2 d5 15. Rad1 Ng4 16. Bxg4 Bxg4 17. Nxd5 Bxd1 18. Rxd1 Nd4 19. Bxd4 Qxd5 20. Bxg7 Qxd2 21. Rxd2 Kxg7 22. a5 Rad8 23. Kf2 Kf6 {[%cal Bg7f6,Bf6e6,Be6d6][%mdl 32]} 24. Rxd8 Rxd8 25. Ke3 Ke6 26. c4 Rd1 27. Nc5+ Kd6 28. b4 Kc6 29. Nd3 f6 30. h4 Rg1 31. Kf3 Ra1 32. g4 Rd1 33. Ke3 {[%cal Bf3e3,Be3d4,Bd4d5,Bd5c4,Bc4c3,Bc3b3][%mdl 32]} Rh1 34. g5 f5 35. Ne5+ Kd6 36. Kd4 Rxh4 37. c5+ Kc7 38. Nd3 Rh3 39. Ne5 Rh2 40. Kd5 Rf2 41. Nd3 Rd2 42. Kc4 Re2 43. Kc3 Re4 44. Kb3 Kc6 0-1

[Event "32nd Reykjavik Open 2017"]
[Site "Reykjavik"]
[Date "2017.04.20"]
[Round "2"]
[White "Van Leent, Dimitri"]
[Black "Blomqvist, Erik"]
[Result "1-0"]
[WhiteElo "2230"]
[BlackElo "2548"]
[Annotator "TA"]
[PlyCount "105"]
[EventDate "2017.??.??"]
[EventType "swiss"]
[EventCountry "ISL"]
[SourceTitle "playchess.com"]
[Source "ChessBase"]
[SourceQuality "1"]

{[%evp 7,105,17,22,18,35,20,12,-37,0,0,0,-33,-21,-40,-56,-30,-35,-58,-45,-54,-52,-50,-35,-34,-19,-55,-53,-53,-41,-63,-35,-54,-48,-38,-50,-52,-34,-61,-56,-77,-77,-67,-27,-27,-27,-26,-20,-19,-20,-37,-10,-78,-10,-16,-17,-83,0,0,0,0,0,0,0,0,0,-18,0,0,0,0,0,0,0,0,0,0,0,0,260,248,229,218,247,113,133,113,124,0,0,0,68,62,56,67,29952,29946,6099,5710,29994,1450]} 1. c4 e6 2. g3 d5 3. Bg2 g6 4. Nf3 Bg7 5. O-O {A13: English Opening: 1...e6} Nf6 (5... Ne7 6. d4 O-O 7. Nbd2 Nbc6 8. cxd5 exd5 9. e3 Bf5 10. b3 Qd7 11. Ba3 Bh3 12. Rc1 Bxg2 13. Kxg2 Rfe8 14. Ne1 Nf5 {0-1 (55) Bindrich,F (2594)-Malakhov,V (2694) Berlin 2015}) 6. Qc2 O-O 7. b3 {The position is equal.} b6 8. Bb2 Bb7 9. Ne5 c5 10. h3 $146 (10. f4 Nc6 11. Nxc6 Bxc6 12. Nc3 Rc8 13. Nd1 d4 14. Nf2 Bxg2 15. Kxg2 Qd7 {0-1 (53) Eliskases,E-Portisch,L Mar del Plata 1966}) 10... Qe7 11. d4 Na6 12. e3 Rac8 13. Qe2 Rfd8 (13... dxc4 $5 {looks sharper.} 14. bxc4 Rfd8 15. Nd2 Bxg2 16. Kxg2 Qb7+) 14. Nd2 {[%cal Bb1d2,Bd2c4,Bc4e5][%mdl 32]} cxd4 15. exd4 dxc4 16. Ndxc4 {Ba3 is the strong threat.} Bxg2 17. Kxg2 Nb4 18. a3 Nc6 19. Nxc6 Rxc6 20. Ne5 Rcc8 21. Rac1 Nd5 22. Qa6 (22. Nc6 $2 Qb7 23. Kg1 Rxc6 $19) 22... Rxc1 23. Rxc1 Bxe5 $1 24. dxe5 Qg5 {aiming for ...Nf4+.} 25. Rc8 Rxc8 26. Qxc8+ Kg7 27. Qc2 h5 28. a4 Kh7 29. Qc6 (29. h4 $11 Qg4 30. Ba3) 29... Qe7 (29... Qd2 $17 30. Bc1 Qe2) 30. h4 Qb4 31. Qe8 (31. Qc2 $1 $11 {keeps the balance.}) 31... Kg7 ({Black should try} 31... Qe4+ $17 32. Kg1 Qb1+ 33. Kg2 Qe4+ 34. Kg1 Qb1+ 35. Kg2 Kg7) 32. Bc1 $1 $11 Qe4+ (32... Qxb3 {[#]} 33. Bh6+ $1 {[%mdl 512]} Kh7 34. Qxf7+ Kxh6 35. Qg8 (35. Qf8+ Kh7 $11) 35... Nf6 36. exf6 Qd5+ 37. Kh2 Qd7 38. Qh8+ Qh7 39. Qf8+ Qg7 40. Qxg7#) 33. Kh2 Qxe5 34. Ba3 Qf6 35. Kg2 a6 36. Bd6 Qc3 37. Qf8+ Kf6 38. Be7+ Ke5 {And now ...Qc6 would win.} 39. Qxf7 {Threatens to win with f4+.} Qxb3 40. Qg7+ Kf5 $1 41. Qf7+ Ke5 42. Qg7+ Ke4 $2 {[%mdl 8192]} (42... Kf5 $1 $11 {and Black stays safe.}) 43. Qxg6+ $18 Kd4 44. Bf8 ({But not} 44. Bd6 $6 Qxa4 45. Qxh5 (45. Qxe6 Qd1 $14) 45... b5 46. Qg4+ (46. Qe2 Qc4 47. Qd1+ Qd3 48. Qa1+ Kc4 $16) 46... Kd3 47. Qf3+ (47. Qxe6 Qe4+ 48. Qxe4+ Kxe4 $16) 47... Kd2 $16) 44... Qxa4 45. Qxe6 (45. Qxh5 $18 {is more deadly. Black must now prevent Qg4+.} Qc6 46. Qd1+ (46. Bg7+ Kc5 47. Qe5 Qe8 $18) 46... Ke5 47. Qh5+ Kd4 48. Qd1+ (48. Bg7+ Kc5 49. Qe5 Qe8 $18) 48... Ke5 49. Kh2) 45... Qd1 $16 46. Qc6 {Threatening mate with Bg7+.} Qg4 47. Kg1 (47. f3 $16 Qg8 48. Qa4+ Ke5 49. Qe4+ Kf6 50. Bh6) 47... a5 $1 $11 48. Bh6 Qf5 (48... Ke4 $11) 49. Bg7+ $14 Kd3 50. Qb5+ Kc2 $2 {[%mdl 8192] [#]} (50... Kd2 $14) 51. Qb2+ Kd1 52. Bh6 {[%csl Gh6][%cal Rb2d2]} Qd3 53. Qc1+ 1-0

[Event "32nd Reykjavik Open 2017"]
[Site "Reykjavik"]
[Date "2017.04.20"]
[Round "2"]
[White "Edvardsson, Kristjan"]
[Black "Friedel, Joshua E"]
[Result "0-1"]
[WhiteElo "2228"]
[BlackElo "2524"]
[Annotator "TA"]
[PlyCount "68"]
[EventDate "2017.??.??"]
[EventType "swiss"]
[EventCountry "ISL"]
[SourceTitle "playchess.com"]
[Source "ChessBase"]
[SourceQuality "1"]

{[%evp 16,68,-19,-30,-25,-32,-28,-27,-32,-68,-55,-54,-66,-73,-52,-133,-37,-88,-81,-366,-354,-339,-347,-316,-144,-477,-309,-491,-490,-490,-482,-538,-527,-564,-550,-575,-575,-567,-570,-568,-567,-562,-561,-539,-555,-770,-745,-776,-764,-885,-884,-879,-873,-963,-939]} 1. d4 Nf6 2. c4 e6 3. g3 d5 4. Nf3 dxc4 5. Bg2 Bb4+ 6. Bd2 c5 {E04: Open Catalan: 5 Nf3} (6... a5 7. Qc2 Bxd2+ 8. Qxd2 c6 9. a4 b5 10. axb5 cxb5 11. Qg5 O-O 12. Qxb5 Ba6 13. Qxa5 Bb7 14. Qxd8 Rxa1 15. Qxf8+ Kxf8 {½-½ (39) Iturrizaga Bonelli,E (2673)-Pichot,A (2556) Sharjah 2017}) 7. dxc5 Bxc5 8. Qa4+ Nbd7 9. O-O {LiveBook: 5 Games} a6 10. Qxc4 b5 11. Qb3 $146 (11. Qh4 Bb7 12. Bc3 O-O 13. Nbd2 Be7 14. Bb4 {½-½ (48) Sarandos,V (2233)-Malikentzos,S (2347) Achaia 2013}) 11... Bb7 12. a4 Bd5 13. Qd1 b4 14. Bf4 h6 15. Ne5 (15. Be5 $15) 15... Rc8 (15... Bxg2 $17 16. Kxg2 Nxe5 17. Bxe5 Ng4 18. Qxd8+ Rxd8) 16. Nxd7 (16. Nd3 $15) 16... Qxd7 $17 (16... Kxd7 $2 17. e4 $18) 17. Be5 $2 {[%mdl 8192]} (17. Nd2 $17) 17... Bxg2 $19 18. Kxg2 Qc6+ 19. Kg1 Ng4 (19... Rd8 $19 {and Black stays clearly on top.} 20. Qe1 Ne4) 20. Bf4 $2 {[%mdl 8192]} (20. Bd4 $17 {was the crucial defense.}) 20... Bxf2+ 21. Rxf2 {[#]} Qh1+ $1 {[%mdl 512] Black is clearly winning.} ({Not} 21... Nxf2 22. Kxf2 Qc5+ 23. Be3 Qf5+ 24. Ke1 $15) 22. Kxh1 Nxf2+ 23. Kg2 Nxd1 24. Nd2 Nxb2 25. Be5 Rc2 26. Bxg7 Rh7 (26... Rxd2 $2 27. Bxh8 a5 28. Kf3 $19) 27. Bxb2 Rxb2 {[%mdl 4096] Endgame KRR-KRN} 28. Ne4 {Now Nf6+ and White clings on.} Rg7 29. Kf3 Rc2 30. a5 f5 31. Nf2 b3 {[%cal Bb4b3,Bb3b2][%mdl 32]} 32. Nd3 Rb7 33. Ke3 b2 34. Rb1 {[#]} e5 $1 0-1

[Event "32nd Reykjavik Open 2017"]
[Site "Reykjavik"]
[Date "2017.04.20"]
[Round "3"]
[White "Andreikin, Dmitry"]
[Black "Panchanathan, Magesh Chandran"]
[Result "1-0"]
[WhiteElo "2734"]
[BlackElo "2494"]
[Annotator "TA"]
[PlyCount "69"]
[EventDate "2017.??.??"]
[EventType "swiss"]
[EventCountry "ISL"]
[SourceTitle "playchess.com"]
[Source "ChessBase"]
[SourceQuality "1"]

{[%evp 24,69,41,44,53,12,47,41,44,25,54,42,49,38,40,38,48,39,33,25,18,25,33,18,116,96,147,150,146,68,152,167,145,183,310,314,269,189,248,230,302,309,304,297,612,593,29995,29996]} 1. e4 e5 2. Nf3 Nc6 3. Bb5 a6 4. Ba4 Nf6 5. O-O Be7 6. Bxc6 dxc6 7. d3 Nd7 8. Nbd2 O-O 9. Nc4 Bf6 10. b3 Re8 11. Bb2 c5 12. a4 b6 13. h3 {LiveBook: 6 Games. C85: Closed Ruy Lopez: Deferred Exchange Variation} Rb8 14. Ra2 $146 (14. Nh2 b5 15. axb5 axb5 16. Ne3 Bg5 17. Qe2 Nf8 18. Nf3 Bf4 19. Nd5 Ng6 20. Ra7 Bh6 {1-0 (48) Kholmov,R (2495)-Beliavsky,A (2615) Kislovodsk 1982}) 14... Re6 15. Qa1 {[%cal Rc4e5] White is slightly better.} Qe8 16. Bc3 c6 17. Nh2 Bd8 18. f4 exf4 19. Bxg7 b5 20. Nd2 {[%cal Bc4d2,Bd2f3,Bf3e5,Be5g4,Bg4f6][%mdl 32] Strongly threatening Ng4.} (20. Rxf4 bxc4 21. Ng4 Bg5 $17) 20... Rg6 21. Bb2 Nf6 22. Ndf3 {aiming for Nh4.} Nh5 $1 23. Ne5 $36 {[%mdl 2048] Black is under pressure.} Rg3 {[#]} (23... Re6 $11 {remains equal.}) 24. Neg4 $1 $16 {Black must now prevent Be5.} f6 ({Black should play} 24... Bc7) 25. axb5 cxb5 26. Bxf6 ({Better is} 26. Bc1 $16) 26... Nxf6 {[#]} (26... Bxg4 $1 $14 27. Nxg4 Rxg4) 27. Qxf6 $1 {[%mdl 512]} Bxf6 28. Nxf6+ Kh8 (28... Kf7 {is a better defense.} 29. Nxe8 Kxe8) 29. Nxe8 $18 Bxh3 30. Rf3 (30. Rxf4 Rxg2+ 31. Kh1 Rxe8 $15) 30... Rxg2+ (30... Rxe8 $142 31. Rxg3 (31. Rxa6 Rxg2+ 32. Kh1 Reg8 $17) 31... fxg3) 31. Kh1 Rg3 32. Rxg3 ({Worse is} 32. Rxf4 Rxe8 33. Nf1 Rg6 $11) 32... fxg3 {[#]} 33. Nf6 $1 ({Weaker is} 33. Rxa6 Rxe8 34. Rh6 (34. Nf3 $2 Rf8 35. Ng1 Bf1 $19) 34... Be6 $16) 33... c4 $2 (33... Rb6) 34. Rxa6 {Threatening mate with Ra7.} cxb3 {...b2 is the strong threat.} 35. Ra7 1-0

[Event "32nd Reykjavik Open 2017"]
[Site "Reykjavik"]
[Date "2017.04.20"]
[Round "3"]
[White "Almasi, Zoltan"]
[Black "Esserman, Marc"]
[Result "1-0"]
[WhiteElo "2696"]
[BlackElo "2458"]
[Annotator "TA"]
[PlyCount "27"]
[EventDate "2017.??.??"]
[EventType "swiss"]
[EventCountry "ISL"]
[SourceTitle "playchess.com"]
[Source "ChessBase"]
[SourceQuality "1"]

{[%evp 11,27,32,29,18,60,34,52,15,36,23,55,2,0,8,25,0,158,160]} 1. Nf3 d5 2. g3 Nf6 3. Bg2 c5 4. O-O g6 5. c4 {A08: King's Indian Attack} d4 6. b4 (6. e3 Nc6 7. exd4 cxd4 8. d3 Bg7 9. Re1 Nd7 10. Na3 O-O 11. Nc2 a5 12. b3 Re8 13. Ba3 Nde5 14. Ng5 Bg4 15. f3 Bf5 16. Ne4 b5 {1-0 (92) Kuzubov,Y (2651)-Efimenko,Z (2651) Rivne 2016}) 6... cxb4 {LiveBook: 6 Games} 7. Qa4+ {White has an edge.} Bd7 8. Qxb4 Nc6 9. Qb3 Bg7 10. Bb2 $146 (10. d3 O-O 11. Nbd2 Qc7 12. Ba3 Rad8 {1-0 (40) Harvey,M (2207)-Roberson,P (2384) Bedford 2013}) 10... Bc8 11. Na3 (11. e3 $14) 11... O-O $11 12. d3 Nd7 13. Nc2 Re8 $2 {[#]} (13... e5 $11) 14. Nfxd4 1-0

[Event "32nd Reykjavik Open 2017"]
[Site "Reykjavik"]
[Date "2017.04.20"]
[Round "3"]
[White "Vidit, Santosh Gujrathi"]
[Black "Praggnanandhaa R"]
[Result "1-0"]
[WhiteElo "2670"]
[BlackElo "2447"]
[Annotator "TA"]
[PlyCount "87"]
[EventDate "2017.??.??"]
[EventType "swiss"]
[EventCountry "ISL"]
[SourceTitle "playchess.com"]
[Source "ChessBase"]
[SourceQuality "1"]

{[%evp 16,87,27,8,18,5,39,47,58,39,50,52,51,51,50,50,43,43,44,33,16,-7,31,29,50,55,62,63,110,101,72,51,47,39,45,16,33,17,19,15,19,20,88,65,40,49,65,65,65,66,166,16,62,58,121,80,138,136,449,452,583,583,586,585,751,733,1393,1383,1362,1239,4143,1648,6309,6230]} 1. Nf3 Nf6 2. g3 g6 3. Bg2 Bg7 4. c4 O-O 5. O-O d5 6. d4 c6 {[%cal Bc7c6,Bc6c5][%mdl 32]} 7. b3 dxc4 8. bxc4 c5 {D78: Fianchetto Grünfeld: 6 0-0 c6} 9. Bb2 {LiveBook: 124 Games} Qb6 10. Qc1 Ne4 {[%cal Rc5d4] The position is equal.} (10... cxd4 11. Nxd4 Nc6 12. Nxc6 bxc6 13. Nd2 Bf5 14. Nb3 Rfd8 15. Be5 a5 16. c5 Qa6 17. Qb2 Qb7 18. Qa3 Be4 19. Rfd1 Rxd1+ 20. Rxd1 Bxg2 21. Kxg2 {½-½ (30) Harikrishna,P (2758)-Svidler,P (2741) Shenzhen 2017}) 11. e3 Nc6 {[%cal Rc5d4]} 12. Ne5 Nd6 (12... cxd4 13. Nxc6 Qxc6 14. exd4 $16 (14. Bxd4 e5 15. Bb2 Bf5 $11)) 13. Nd2 Nxe5 ({Don't capture} 13... cxd4 $2 14. Nxc6 bxc6 15. c5 $18) 14. dxe5 Nf5 15. Ne4 Bd7 $146 (15... Nd6 16. exd6 Bxb2 {1-0 (38) Grabarczyk,M (2440)-Jarmula,L (2013) Warsaw 2012}) 16. Rb1 {Black must now prevent e6!} Qc7 17. f4 Bc6 18. Qe1 h5 19. h3 {[#]} h4 $1 {[%mdl 512]} 20. gxh4 ({Of course not} 20. g4 Bxe4 21. gxf5 Bxf5 $15) 20... b6 {And now ...Qb7 would win.} 21. Nc3 Bxg2 22. Kxg2 e6 23. e4 Nd4 24. Qg3 Kh7 25. Kh1 Bh6 26. Rf2 Qb7 27. Rg1 Rg8 28. Qg2 Qa6 (28... Rad8 $11 {keeps the balance.}) 29. Qf1 Qb7 30. Rfg2 Rg7 31. Bc1 Rag8 32. Qd3 Qa8 {[#]} (32... Kh8 $14) 33. Re1 (33. Nd1 $1 $18) 33... Qb7 34. Nd1 Qe7 (34... Kh8 $1 $14) 35. Qg3 {aiming for Ne3.} Nf5 (35... Kh8 $142) 36. Qf2 $36 {[%mdl 2048] White is on the roll.} ({Wrong is} 36. exf5 $2 gxf5 37. Qxg7+ Rxg7 38. Rxg7+ Kxg7 $19) 36... Nd4 $2 {[%mdl 8192] [#]} (36... Qb7 $16) 37. Ne3 $1 $18 {White is clearly winning.} f5 38. exf6 $1 Qxf6 39. Ng4 Qf8 40. Reg1 Rf7 41. Nxh6 Qxh6 42. f5 Qf8 43. Rxg6 Rgg7 44. Bh6 1-0

[Event "32nd Reykjavik Open 2017"]
[Site "Reykjavik"]
[Date "2017.04.20"]
[Round "3"]
[White "Grandelius, Nils"]
[Black "Christiansen, Johan-Sebastian"]
[Result "1-0"]
[WhiteElo "2641"]
[BlackElo "2429"]
[Annotator "TA"]
[PlyCount "115"]
[EventDate "2017.??.??"]
[EventType "swiss"]
[EventCountry "ISL"]
[SourceTitle "playchess.com"]
[Source "ChessBase"]
[SourceQuality "1"]

{[%evp 24,115,12,0,0,0,12,8,20,0,0,0,15,14,4,8,12,7,18,8,11,11,24,0,7,0,20,4,26,36,31,34,22,50,32,47,32,46,31,25,33,32,99,0,0,0,0,0,330,330,302,310,310,310,310,310,308,303,303,4,303,294,472,472,468,466,457,455,447,449,460,438,454,442,1086,1018,898,869,1457,1560,1437,1275,1022,1060,5481,5072,29980,29981,29984,29985,29988,29989,29990,29989]} 1. Nf3 d5 2. e3 Nf6 3. c4 e6 4. b3 dxc4 5. bxc4 c5 6. Bb2 Be7 7. g3 b6 8. Bg2 Bb7 9. O-O O-O 10. Nc3 Nc6 11. Qe2 Qc8 {A14: English Opening: 1...e6 with b3 by White} (11... Qc7 12. Ne1 a6 13. f4 Na7 14. Rb1 Bxg2 15. Nxg2 b5 16. f5 b4 17. Nd1 Rad8 18. g4 Nc6 19. Nf2 h6 {1-0 (39) Caruana,F (2804)-Aronian,L (2792) Leuven 2016}) 12. Rfd1 Rd8 13. Rac1 {LiveBook: 3 Games} Na5 {The position is equal.} 14. Ba1 Bc6 $146 (14... Qc6 15. d3 Rac8 16. Nb5 Ra8 17. Bc3 a6 18. Na3 Nd7 19. Bxa5 bxa5 {½-½ (62) Le Roux,J (2522)-Bensdorp,M (2242) Sautron 2011}) 15. d3 Qb7 16. h3 Rab8 17. Rb1 Nd7 18. Ne1 Bxg2 19. Nxg2 a6 20. f4 Qc6 21. a4 Bf6 22. Ne1 Nb7 23. Qf3 Qc7 24. Qg2 Nd6 25. Nf3 b5 26. axb5 axb5 27. Nxb5 Nxb5 28. Rxb5 Rxb5 29. cxb5 Qb6 30. Bxf6 Nxf6 31. Rb1 {Hoping for Ne5.} Nd5 $1 ({But not} 31... Rxd3 32. Ne5 Rd5 33. Nc4 $16) 32. Ne5 {Strongly threatening Nc4.} Nb4 {[#]} ({Black should play} 32... Nxe3 $14 33. Nc4 Nxc4 34. dxc4 g6) 33. Ra1 ({Better is} 33. Nc6 $1 $16 {[%cal Rc6d8]} Rf8 34. Nxb4 cxb4 35. Rxb4) 33... Qxb5 34. Ra8 Qe8 35. Ra7 $40 {[%mdl 128] White attacks.} f6 $2 {[%mdl 8192]} (35... Rd5 $11) 36. Qb7 $18 {[%csl Ga7][%cal Rb7g7]} Qf8 37. Nd7 Qe7 {[#]} 38. Nxc5 $1 {[%mdl 512]} Qxb7 (38... Qxc5 39. Qxg7#) 39. Rxb7 Nxd3 40. Nxe6 {[%mdl 4096] Endgame KRN-KRN} Re8 41. Rxg7+ Kh8 42. Rd7 Ne5 $2 (42... Rxe6 {is a better defense.} 43. Rxd3 Kg7) 43. Rd8 ({Not} 43. fxe5 Rxe6 44. exf6 Rxf6 $18) 43... Rxd8 44. Nxd8 {KN-KN} Nc4 45. Kf2 Kg7 46. Ne6+ Kg6 47. e4 Nd2 48. Nc5 h5 (48... Nb1 $142 49. Ke3 Nc3 50. f5+ Kf7) 49. Ke2 Nc4 50. Kd3 Nb2+ 51. Kd4 Nd1 52. Nd3 Kf7 53. f5 {[%cal Bf4f5,Bf5f6][%mdl 32]} Kg7 54. Nf4 Kh6 55. e5 {White mates.} fxe5+ 56. Kxe5 h4 57. g4 Kg7 58. f6+ 1-0

[Event "32nd Reykjavik Open 2017"]
[Site "Reykjavik"]
[Date "2017.04.20"]
[Round "3"]
[White "Yilmaz, Mustafa"]
[Black "Nihal Sarin"]
[Result "1/2-1/2"]
[WhiteElo "2614"]
[BlackElo "2424"]
[Annotator "TA"]
[PlyCount "71"]
[EventDate "2017.??.??"]
[EventType "swiss"]
[EventCountry "ISL"]
[SourceTitle "playchess.com"]
[Source "ChessBase"]
[SourceQuality "1"]

{[%evp 24,71,14,0,0,0,0,0,19,19,19,16,16,26,27,34,17,0,0,0,0,0,0,0,0,0,0,0,0,0,0,0,0,0,0,0,0,0,0,0,0,0,0,0,0,0,0,0,0,0]} 1. d4 Nf6 2. c4 e6 3. Nf3 d5 4. Nc3 dxc4 5. e4 Bb4 6. Bg5 c5 7. Bxc4 cxd4 8. Nxd4 Bxc3+ 9. bxc3 Qa5 10. Bxf6 Qxc3+ {D39: Queen's Gambit Declined: Ragozin Defence with 5 Bg5 dxc4} 11. Kf1 gxf6 12. Rc1 Qa5 13. Qg4 {LiveBook: 3 Games} (13. h4 Ke7 14. Rh3 Nc6 15. Nxc6+ bxc6 16. Rhc3 Rd8 17. Qf3 Ba6 18. Bxa6 Qxa6+ 19. Kg1 Rd6 20. Qe3 Qb6 21. e5 fxe5 {½-½ (60) Salem,A (2617)-Amin,B (2654) Abu Dhabi 2016}) 13... Nd7 14. h4 Rf8 $146 (14... Qd2 15. Nb3 Qxa2 16. Rh3 Ne5 17. Qg7 Rf8 18. Be2 b6 19. Ra1 Qc2 20. Qxf6 Qxe4 21. Re3 {1-0 (29) Tanggaard,H-Kristensen,H Denmark 1989}) 15. Be2 Ne5 (15... Qxa2 $2 16. Nb5 $18) 16. Qg7 Ke7 $1 17. g4 $1 (17. Qxh7 Rd8 18. Nf3 Nxf3 19. gxf3 (19. Bxf3 Qd2 20. Rc7+ Bd7 $17) 19... Bd7 $17) 17... Qd2 $1 {[%cal Rd2c1]} ({Reject} 17... Rd8 $6 18. Nb3 Qa4 19. g5 $16) 18. Rd1 $1 {[%cal Rd1d2]} Qf4 19. g5 $1 ({But not} 19. Qxh7 $2 Bd7 20. h5 Rh8 21. Nf5+ (21. Qg7 $2 Rag8 22. Qxh8 Rxh8 $19) 21... exf5 $19) 19... Bd7 20. gxf6+ {The position is equal.} (20. Nb5 $2 Bxb5 21. Bxb5 a6 22. Qxf6+ Qxf6 23. gxf6+ Kxf6 $19) 20... Qxf6 21. Qg3 $1 {[#] Nf3 is the strong threat.} Rg8 22. Qa3+ Ke8 {Threatens to win with ...Qg6.} 23. Nb5 Bxb5 $1 24. Bxb5+ Nc6 25. Qd6 Rd8 26. Bxc6+ bxc6 27. Qxc6+ Kf8 28. Rxd8+ Qxd8 $11 {[%cal Rd8d1][%mdl 4096] [#] Endgame KQR-KQR} 29. Qc5+ Qe7 30. Qc8+ Qe8 31. Qb7 Qe7 32. Qb8+ Qe8 33. Qb2 Qa4 {[%cal Ra4d1]} 34. Qb8+ Qe8 35. Qb4+ Qe7 36. Qb8+ 1/2-1/2